banner-ar

365 خطوة للنجاح / (Record no. 48393)

MARC details
000 -الفاتح
حقل البيانات ثابتة الطول 00673nam a2200205Ia 4500
008 - عناصر البيانات ثابتة الطول - معلومات عامة
حقل البيانات ثابتة الطول 140319s9999 xx 000 0 ara d
040 ## - مصدر الفهرسة
وكالة الفهرسة الأصلية GCL /
وكالة النسخ GCL
082 04 - رقم تصنيف ديوى العشرى
رقم التصنيف 158.1
رقم المادة ق خ
100 1# - المدخل الرئيسى - إسم شخصى
الإسم الشخصى قسم الترجمة والنشر بالدار
245 10 - بيان العنوان
العنوان 365 خطوة للنجاح /
بيان المسئوليه,etc قسم الترجمة والنشر بالدار
700 1# - المدخل الاضافى - اسم شخصى
الإسم الشخصى الدولية للنشر والتوزيع
300 ## - الوصف المادى
التعداد 403 ص
490 ## - بيان السلسلة
عنوان السلسلة الهيئة العامة للاستعلامات
رقم المجلد/ التعيين التسلسلي 0
650 04 - المدخل الاضافى بالموضوع-مصطلح موضوعى
مصطلح موضوعي علم النفس التطبيقى
650 04 - المدخل الاضافى بالموضوع-مصطلح موضوعى
مصطلح موضوعي النجاح
650 04 - المدخل الاضافى بالموضوع-مصطلح موضوعى
مصطلح موضوعي النجاح الشخصى
650 04 - المدخل الاضافى بالموضوع-مصطلح موضوعى
مصطلح موضوعي تحقيق الذات
942 ## - عناصر المدخل الإضافي( كوها)
مصدر التصنيف او مخطط الترفيف Dewey Decimal Classification
Koha [default] item type كتاب
Holdings
حالة التراجع حالة الفقد حالة تلف ليس للاعارة المكان المؤقت الموقع الحالى تاريخ الاكتساب اجمالي اﻻعارات رقم الطلب الباركود تاريخ اخر مشاهدة تاريخ تفعيل السعر نوع وعاء كوها
        مكتبة القاهرة الكبرى مكتبة القاهرة الكبرى 03/26/2014   158.1\ق خ 116872 03/26/2014 03/26/2014 كتاب
        مكتبة القاهرة الكبرى مكتبة القاهرة الكبرى 03/26/2014   158.1\ق خ 116873 03/26/2014 03/26/2014 كتاب

Powered By

EGPV